| 000 | 00553nam a2200169Ia 4500 | ||
|---|---|---|---|
| 008 | 230917s9999||||xx |||||||||||||| ||und|| | ||
| 020 | _cGBP 36.99 (RS 3825.88) | ||
| 040 |
_e5009385 _aMAIN |
||
| 041 | _aEnglish | ||
| 082 | _a362.29170973 C852M | ||
| 100 | _aCrano, William D, ed. | ||
| 245 | 0 | _aMass media and drug prevention:Classic and contemporary theories and research | |
| 260 |
_aNew Jersey _bLawrence Erlbaum Associates, Publishers _c2002 |
||
| 300 | _axiv, 303 p. | ||
| 500 | _a4133 18/10/2021 HBD21/8876 18/10/2021 Main Budget | ||
| 942 | _cBK | ||
| 999 |
_c2914 _d2914 |
||